[Event "36. Copenhagen Open (Politiken Cup)"]
[Site "Elsinore"]
[Date "2014.07.26"]
[Round "7"]
[White "Nielsen, Jorgen Lovgren"]
[Black "Karlsson, Ulf"]
[Result "1-0"]
[WhiteElo "2135"]
[BlackElo "1994"]
[PlyCount "83"]
[EventDate "2014.07.21"]
[EventType "swiss"]
[EventRounds "10"]
[EventCountry "DEN"]
[Source "ChessBase"]
[SourceDate "2014.08.29"]

1. e4 c5 2. Nf3 Nc6 3. d4 cxd4 4. Nxd4 e5 5. Nb5 d6 6. N1c3 a6 7. Na3 b5 8. Nd5
Nge7 9. Bg5 f6 10. Be3 Nxd5 11. Qxd5 Bb7 12. Be2 Qd7 13. Qd2 f5 14. exf5 Qxf5
15. O-O Be7 16. c3 O-O 17. Nc2 Qg6 18. f3 Nd8 19. c4 Ne6 20. cxb5 axb5 21. Nb4
Ng5 22. Nd5 Bd8 23. Kh1 e4 24. f4 Qe6 25. Rfd1 Rf5 26. Bg4 Qxd5 27. Bxf5 Qxf5
28. fxg5 d5 29. Rf1 Qe6 30. Rf2 Be7 31. b4 Bd6 32. Raf1 Re8 33. Qd4 Be5 34. Qc5
Bd6 35. Qxb5 Ba8 36. Qb6 Qe7 37. Rf7 Qd8 38. Qa7 Be5 39. Bc5 e3 40. Rf8+ Rxf8
41. Rxf8+ Qxf8 42. Bxf8 1-0

[Event "36. Copenhagen Open (Politiken Cup)"]
[Site "Elsinore"]
[Date "2014.07.26"]
[Round "7"]
[White "Nielsen, Kai Gylling"]
[Black "Langer, Peter"]
[Result "1-0"]
[WhiteElo "1897"]
[BlackElo "1546"]
[PlyCount "133"]
[EventDate "2014.07.21"]
[EventType "swiss"]
[EventRounds "10"]
[EventCountry "DEN"]
[Source "ChessBase"]
[SourceDate "2014.08.29"]

1. e4 c5 2. Nf3 d6 3. d4 cxd4 4. Nxd4 Nf6 5. Nc3 a6 6. Bg5 e6 7. Qd2 Be7 8. Be2
b5 9. O-O O-O 10. a3 Bb7 11. f3 Nbd7 12. Kh1 Rc8 13. Rad1 Qc7 14. Bxb5 axb5 15.
Ndxb5 Qb6 16. Be3 Qa6 17. Nxd6 Bxd6 18. Qxd6 Rc6 19. Qg3 Kh8 20. Rf2 Qa5 21.
Rfd2 Ne5 22. Bd4 Nc4 23. Bxf6 gxf6 24. Rd7 Bc8 25. b4 Qg5 26. Qxg5 fxg5 27. Ra7
Ne3 28. Rd3 Nxc2 29. b5 Rb6 30. a4 Nb4 31. Rd1 Rb8 32. a5 Rb7 33. Ra8 Kg7 34.
Rb1 Rc7 35. Na4 Nd3 36. Nb6 Nc5 37. Nxc8 Rfxc8 38. Rxc8 Rxc8 39. Rc1 Rd8 40. h4
Nb7 41. a6 Na5 42. b6 gxh4 43. a7 Nb7 44. Rc7 Na5 45. Kh2 Kg6 46. b7 Nxb7 47.
Rxb7 Ra8 48. Kh3 f6 49. Kxh4 e5 50. g4 Kh6 51. Kg3 Kg6 52. f4 h5 53. gxh5+ Kxh5
54. f5 Kg5 55. Kf3 Kh4 56. Rg7 Kh5 57. Ke3 Rd8 58. Rb7 Ra8 59. Kd3 Kg4 60. Kc4
Kf4 61. Kd5 Ke3 62. Rb3+ Kf4 63. Ra3 Kg4 64. Ra4 Kf4 65. Kc6 Ke3 66. Kb7 Rxa7+
67. Kxa7 1-0

[Event "36. Copenhagen Open (Politiken Cup)"]
[Site "Elsinore"]
[Date "2014.07.26"]
[Round "7"]
[White "Nielsen, Lars Aaes"]
[Black "Fricano, Paul Royal"]
[Result "1-0"]
[WhiteElo "2257"]
[BlackElo "2013"]
[PlyCount "89"]
[EventDate "2014.07.21"]
[EventType "swiss"]
[EventRounds "10"]
[EventCountry "DEN"]
[Source "ChessBase"]
[SourceDate "2014.08.29"]

1. e4 c6 2. c4 e5 3. Nf3 Nf6 4. Nc3 Bb4 5. Qc2 O-O 6. Be2 d5 7. cxd5 cxd5 8.
Nxd5 Nxd5 9. exd5 Qxd5 10. O-O Nc6 11. a3 Be7 12. Bc4 Qd6 13. Qe4 Kh8 14. Re1
f5 15. Qd5 e4 16. Qxd6 Bxd6 17. Ng5 Ne5 18. Ba2 h6 19. d4 Nd3 20. Re3 f4 21.
Rxd3 exd3 22. Nf7+ Rxf7 23. Bxf7 Bf5 24. Bd2 g5 25. Bc3 Kg7 26. Bd5 Rb8 27. f3
b6 28. Be4 Kf6 29. Rd1 g4 30. Bxf5 Kxf5 31. Rxd3 h5 32. Rd1 Rc8 33. Kf1 b5 34.
Ke1 Bxa3 35. d5 Bd6 36. Ra1 b4 37. Bd2 Bc5 38. Ke2 Ke5 39. Ra5 gxf3+ 40. Kxf3
Kxd5 41. Bxb4 Kc4 42. Rxc5+ Rxc5 43. Bxc5 Kxc5 44. Kxf4 Kc4 45. h4 1-0

[Event "36. Copenhagen Open (Politiken Cup)"]
[Site "Elsinore"]
[Date "2014.07.26"]
[Round "7"]
[White "Nielsen, Morten"]
[Black "Paulsson, Anders"]
[Result "1-0"]
[WhiteElo "1970"]
[BlackElo "1788"]
[PlyCount "70"]
[EventDate "2014.07.21"]
[EventType "swiss"]
[EventRounds "10"]
[EventCountry "DEN"]
[Source "ChessBase"]
[SourceDate "2014.08.29"]

1. e4 c6 2. c4 e6 3. d4 d5 4. cxd5 exd5 5. e5 Bf5 6. Nc3 Nd7 7. Bd3 Bxd3 8.
Qxd3 Nb6 9. Qg3 Ne7 10. Nge2 Ng6 11. f4 Be7 12. O-O h5 13. f5 Bh4 14. Qh3 Nf8
15. f6 g5 16. g3 g4 17. Qg2 Ng6 18. Qf2 Qc7 19. gxh4 O-O-O 20. Bg5 Rde8 21.
Rac1 a6 22. a4 Rhg8 23. a5 Nc4 24. Nxd5 Qxa5 25. Ne7+ Nxe7 26. fxe7 Nd2 27.
Bxd2 Qxd2 28. Nc3 Qxf2+ 29. Rxf2 Rxe7 30. Nd5 Re6 31. Rxf7 Kb8 32. Nf6 Rd8 33.
Nd7+ Ka7 34. Nc5 Ree8 35. Rxb7+ Ka8 1-0

[Event "36. Copenhagen Open (Politiken Cup)"]
[Site "Elsinore"]
[Date "2014.07.26"]
[Round "7"]
[White "Nielsen, Palle"]
[Black "Merkesvik, Amalie Isabel"]
[Result "1-0"]
[WhiteElo "1771"]
[BlackElo "1497"]
[PlyCount "59"]
[EventDate "2014.07.21"]
[EventType "swiss"]
[EventRounds "10"]
[EventCountry "DEN"]
[Source "ChessBase"]
[SourceDate "2014.08.29"]

1. c4 e6 2. Nc3 Nf6 3. e4 Nc6 4. d4 d5 5. e5 Ne4 6. Nf3 Bb4 7. Bd2 Nxd2 8. Qxd2
Be7 9. Be2 a6 10. O-O h6 11. a3 dxc4 12. Bxc4 b5 13. Ba2 Bb7 14. Ne2 Qd7 15.
Rac1 O-O-O 16. Rfd1 g5 17. h3 Rhg8 18. d5 exd5 19. Bxd5 g4 20. e6 Qd6 21. hxg4
Rxg4 22. Qc3 Rdg8 23. Bxc6 Rxg2+ 24. Kf1 Bh4 25. Nxh4 Rxf2+ 26. Kxf2 Qh2+ 27.
Kf1 Bxc6 28. Qxc6 Qh3+ 29. Ng2 Qf5+ 30. Nef4 1-0

[Event "36. Copenhagen Open (Politiken Cup)"]
[Site "Elsinore"]
[Date "2014.07.26"]
[Round "7"]
[White "Nilssen, John Arni"]
[Black "Semcesen, Daniel"]
[Result "0-1"]
[WhiteElo "2322"]
[BlackElo "2471"]
[PlyCount "62"]
[EventDate "2014.07.21"]
[EventType "swiss"]
[EventRounds "10"]
[EventCountry "DEN"]
[Source "ChessBase"]
[SourceDate "2014.08.29"]

1. d4 f5 2. Nc3 d5 3. Bg5 h6 4. Bf4 Nf6 5. f3 e6 6. e4 Bb4 7. exf5 exf5 8. Bb5+
c6 9. Bd3 O-O 10. Nge2 Nh5 11. Be3 f4 12. Bf2 Qg5 13. Rg1 Nd7 14. Qd2 b5 15.
O-O-O Bd6 16. g4 fxg3 17. Be3 Qe7 18. Nxg3 Nxg3 19. hxg3 b4 20. Na4 Nb6 21. Nc5
Nc4 22. Bxc4 dxc4 23. Rde1 c3 24. Qd3 Qf7 25. bxc3 Bxc5 26. dxc5 Bf5 27. Qa6
bxc3 28. Bf4 Qd5 29. Re5 Qd4 30. Rge1 Qb4 31. Kd1 Qb1+ 0-1

[Event "36. Copenhagen Open (Politiken Cup)"]
[Site "Elsinore"]
[Date "2014.07.26"]
[Round "7"]
[White "Nilsson, Carl Axel"]
[Black "Molvig, Julius"]
[Result "0-1"]
[WhiteElo "1696"]
[BlackElo "1892"]
[PlyCount "102"]
[EventDate "2014.07.21"]
[EventType "swiss"]
[EventRounds "10"]
[EventCountry "DEN"]
[Source "ChessBase"]
[SourceDate "2014.08.29"]

1. e4 c5 2. Nf3 e6 3. d4 cxd4 4. Nxd4 a6 5. c4 Nf6 6. Nc3 Qc7 7. a3 Nc6 8. Be3
Be7 9. Rc1 d6 10. Be2 O-O 11. O-O Bd7 12. b4 Nxd4 13. Bxd4 b6 14. Qd3 Rfc8 15.
Qe3 Bd8 16. Nb1 Qb7 17. Nd2 b5 18. c5 dxc5 19. Bxc5 Bc6 20. f3 Nd7 21. Nb3 Nxc5
22. Nxc5 Bb6 23. Kh1 Bxc5 24. Rxc5 Rd8 25. Rfc1 Rac8 26. Qc3 Bd7 27. Qe5 Rxc5
28. Rxc5 Rc8 29. Rxc8+ Qxc8 30. Qc5 Qxc5 31. bxc5 Kf8 32. Kg1 e5 33. Kf2 Ke7
34. Bd1 Be6 35. g3 Kd7 36. Ke3 Kc6 37. Kd3 Kxc5 38. Kc3 a5 39. Bc2 f6 40. f4
b4+ 41. axb4+ axb4+ 42. Kd3 b3 43. Bb1 Kb4 44. fxe5 fxe5 45. Ke3 Kc3 46. Kf3
Kd2 47. g4 g5 48. Kg3 Bc4 49. h4 h6 50. hxg5 hxg5 51. Kf3 Kc1 0-1

[Event "36. Copenhagen Open (Politiken Cup)"]
[Site "Elsinore"]
[Date "2014.07.26"]
[Round "7"]
[White "Nordin, Eric"]
[Black "Eckhardt, Lars H"]
[Result "1/2-1/2"]
[WhiteElo "1852"]
[BlackElo "2072"]
[PlyCount "33"]
[EventDate "2014.07.21"]
[EventType "swiss"]
[EventRounds "10"]
[EventCountry "DEN"]
[Source "ChessBase"]
[SourceDate "2014.08.29"]

1. e4 c5 2. Nc3 Nc6 3. f4 g6 4. Nf3 Bg7 5. Bb5 e6 6. Bxc6 bxc6 7. e5 f5 8. d3
Ne7 9. O-O d5 10. exd6 Qxd6 11. Qe1 Nd5 12. Ne5 Rb8 13. Nxd5 cxd5 14. b3 Bb7
15. d4 cxd4 16. Bb2 Bxe5 17. Qxe5 1/2-1/2

[Event "36. Copenhagen Open (Politiken Cup)"]
[Site "Elsinore"]
[Date "2014.07.26"]
[Round "7"]
[White "Ochsner, Bjorn Moller"]
[Black "Molvig, Henrik"]
[Result "1-0"]
[WhiteElo "2318"]
[BlackElo "2162"]
[PlyCount "87"]
[EventDate "2014.07.21"]
[EventType "swiss"]
[EventRounds "10"]
[EventCountry "DEN"]
[Source "ChessBase"]
[SourceDate "2014.08.29"]

1. d4 d5 2. c4 e6 3. Nc3 Be7 4. cxd5 exd5 5. Bf4 c6 6. Qc2 Nf6 7. e3 O-O 8. Bd3
Na6 9. Bxa6 bxa6 10. Nf3 c5 11. dxc5 Bxc5 12. O-O Be6 13. Rfd1 Rc8 14. Be5 Qe7
15. Qe2 Qb7 16. Bxf6 gxf6 17. Nd4 Bxd4 18. Rxd4 Rc4 19. Rad1 Rxd4 20. Rxd4 Rc8
21. h3 Rc4 22. Rd2 Qc7 23. Qf3 Qe5 24. Ne2 Kf8 25. Nd4 Rc1+ 26. Rd1 Rxd1+ 27.
Qxd1 Qe4 28. Qc2 Qxc2 29. Nxc2 d4 30. exd4 Bxa2 31. Ne3 Ke7 32. Kf1 Ke6 33. Ke2
f5 34. Kf3 Bb1 35. Kf4 a5 36. g3 a4 37. h4 Kd6 38. h5 f6 39. Nxf5+ Kd5 40. g4
Kc4 41. Ke3 a5 42. Nd6+ Kb3 43. d5 Ba2 44. Nc4 1-0

[Event "36. Copenhagen Open (Politiken Cup)"]
[Site "Elsinore"]
[Date "2014.07.26"]
[Round "7"]
[White "Olofsson Dolk, Mattis"]
[Black "Boe Olsen, Filip"]
[Result "1-0"]
[WhiteElo "2143"]
[BlackElo "1937"]
[PlyCount "51"]
[EventDate "2014.07.21"]
[EventType "swiss"]
[EventRounds "10"]
[EventCountry "DEN"]
[Source "ChessBase"]
[SourceDate "2014.08.29"]

1. d4 d5 2. c4 c6 3. Nf3 Nf6 4. Nc3 e6 5. e3 Nbd7 6. Qc2 Be7 7. g4 h6 8. Rg1 g6
9. Bd2 b6 10. g5 hxg5 11. Nxg5 Nf8 12. O-O-O N6h7 13. Nf3 Bb7 14. e4 dxe4 15.
Nxe4 Qc7 16. Ne5 f5 17. Nc3 O-O-O 18. Nf7 Bf6 19. Nxd8 Qxd8 20. Bf4 Ng5 21. d5
exd5 22. cxd5 c5 23. Nb5 Nf7 24. Nxa7+ Kd7 25. Bb5+ Ke7 26. d6+ 1-0

[Event "36. Copenhagen Open (Politiken Cup)"]
[Site "Elsinore"]
[Date "2014.07.26"]
[Round "7"]
[White "Olsarova, Tereza"]
[Black "Hoti, Nimon"]
[Result "1-0"]
[WhiteElo "2251"]
[BlackElo "1887"]
[PlyCount "61"]
[EventDate "2014.07.21"]
[EventType "swiss"]
[EventRounds "10"]
[EventCountry "DEN"]
[Source "ChessBase"]
[SourceDate "2014.08.29"]

1. e4 c6 2. d4 d6 3. Nc3 Nf6 4. h3 Qc7 5. f4 a6 6. Nf3 Nbd7 7. e5 Nd5 8. Nxd5
cxd5 9. Bd3 e6 10. O-O Be7 11. Qe1 g6 12. b3 dxe5 13. fxe5 Qd8 14. Bh6 Nb8 15.
Qf2 Kd7 16. c4 dxc4 17. bxc4 Qa5 18. Nd2 Nc6 19. Nb3 Qb6 20. Qxf7 Re8 21. Kh1
Qd8 22. d5 exd5 23. cxd5 Nxe5 24. Qe6+ Kc7 25. Qxe5+ Bd6 26. Rac1+ Kb8 27. Qd4
g5 28. Bf5 Bxf5 29. Rxf5 Rg8 30. Nc5 g4 31. Nxb7 1-0

[Event "36. Copenhagen Open (Politiken Cup)"]
[Site "Elsinore"]
[Date "2014.07.26"]
[Round "7"]
[White "Pallesen, Jacob"]
[Black "Leutwyler, Martin"]
[Result "1/2-1/2"]
[WhiteElo "2031"]
[BlackElo "2190"]
[PlyCount "59"]
[EventDate "2014.07.21"]
[EventType "swiss"]
[EventRounds "10"]
[EventCountry "DEN"]
[Source "ChessBase"]
[SourceDate "2014.08.29"]

1. d4 d5 2. Nf3 Nf6 3. c4 c6 4. Qc2 dxc4 5. Qxc4 Bg4 6. Nc3 Nbd7 7. e4 Bxf3 8.
gxf3 e5 9. Be3 Bd6 10. O-O-O Qe7 11. h4 exd4 12. Qxd4 Bc5 13. Qd2 Bxe3 14. Qxe3
b5 15. e5 b4 16. Nb5 cxb5 17. exf6 Rc8+ 18. Kb1 Qxe3 19. fxe3 Nxf6 20. Bxb5+
Ke7 21. Rd4 Rc5 22. Ba4 a5 23. e4 Rd8 24. Rxd8 Kxd8 25. Rd1+ Ke7 26. Rc1 Rxc1+
27. Kxc1 Kd6 28. Bb3 Nd7 29. Kd2 f6 30. Ke3 1/2-1/2

[Event "36. Copenhagen Open (Politiken Cup)"]
[Site "Elsinore"]
[Date "2014.07.26"]
[Round "7"]
[White "Palm, Nikolaj"]
[Black "Evertsson, Lennart"]
[Result "1-0"]
[WhiteElo "2332"]
[BlackElo "2196"]
[PlyCount "67"]
[EventDate "2014.07.21"]
[EventType "swiss"]
[EventRounds "10"]
[EventCountry "DEN"]
[Source "ChessBase"]
[SourceDate "2014.08.29"]

1. d4 e6 2. Nf3 c5 3. e3 Nf6 4. Bd3 b6 5. O-O Bb7 6. b3 Be7 7. Bb2 cxd4 8. exd4
O-O 9. Re1 Nc6 10. a3 Rc8 11. Nbd2 Qc7 12. Rc1 Qf4 13. Qe2 Rfe8 14. c4 d5 15.
c5 e5 16. g3 Qh6 17. dxe5 Bxc5 18. b4 Bf8 19. Bf5 Rcd8 20. Qd3 Ne4 21. Nxe4
dxe4 22. Qxe4 g6 23. Qg4 Nxb4 24. e6 f6 25. Bxf6 Nd3 26. e7 Bxe7 27. Bxe7 Rxe7
28. Qc4+ Bd5 29. Qxd3 gxf5 30. Rxe7 Qxc1+ 31. Re1 Qc6 32. Qxf5 Bxf3 33. Qg5+
Kf7 34. Re7+ 1-0

[Event "36. Copenhagen Open (Politiken Cup)"]
[Site "Elsinore"]
[Date "2014.07.26"]
[Round "7"]
[White "Pedersen, Carl Aage"]
[Black "Greeuw, Sietske"]
[Result "0-1"]
[WhiteElo "1769"]
[BlackElo "1949"]
[PlyCount "96"]
[EventDate "2014.07.21"]
[EventType "swiss"]
[EventRounds "10"]
[EventCountry "DEN"]
[Source "ChessBase"]
[SourceDate "2014.08.29"]

1. Nf3 c5 2. c4 Nc6 3. Nc3 g6 4. g3 Bg7 5. Bg2 e6 6. d3 Nge7 7. e4 O-O 8. O-O
b6 9. a3 Bb7 10. Qc2 a6 11. Bd2 Rc8 12. Rad1 Nd4 13. Nxd4 cxd4 14. Ne2 d5 15.
exd5 Bxd5 16. Nf4 Bxg2 17. Nxg2 b5 18. b3 Qc7 19. Qc1 Qb6 20. Qa1 e5 21. Rfe1
Rfe8 22. f4 Nf5 23. Kh1 Qb7 24. Qb1 h5 25. Kg1 Qb6 26. Kh1 Nh6 27. fxe5 Ng4 28.
Re2 Rxe5 29. Rxe5 Bxe5 30. Rf1 Qd6 31. Qc1 Re8 32. c5 Qc6 33. b4 Bc7 34. Kg1
Re2 35. Ne1 Rxh2 36. Nf3 Re2 37. Qd1 Re7 38. Nxd4 Qd5 39. Nf3 Bxg3 40. d4 Qe4
41. Bg5 f6 42. Bd2 Qd5 43. Qc2 Kg7 44. Qd3 h4 45. Be1 Re3 46. Qd1 Bxe1 47. Nxe1
Rg3+ 48. Ng2 Qxg2# 0-1

[Event "36. Copenhagen Open (Politiken Cup)"]
[Site "Elsinore"]
[Date "2014.07.26"]
[Round "7"]
[White "Percivaldi, Martin"]
[Black "Zude, Erik"]
[Result "1/2-1/2"]
[WhiteElo "2170"]
[BlackElo "2381"]
[PlyCount "75"]
[EventDate "2014.07.21"]
[EventType "swiss"]
[EventRounds "10"]
[EventCountry "DEN"]
[Source "ChessBase"]
[SourceDate "2014.08.29"]

1. d4 d6 2. Nf3 Nf6 3. c4 g6 4. Nc3 Bg7 5. e4 O-O 6. Be2 e5 7. O-O Nbd7 8. Be3
Re8 9. Qc2 exd4 10. Nxd4 c6 11. Rad1 a6 12. Bf4 Qe7 13. f3 Ne5 14. Qd2 b5 15.
cxb5 axb5 16. a3 Bb7 17. Rfe1 Nfd7 18. Nc2 Nb6 19. Nb4 Nec4 20. Bxc4 Nxc4 21.
Qc1 Qe6 22. Kh1 Rad8 23. Bg5 Rc8 24. Nc2 Na5 25. Bf4 Nc4 26. Nd4 Qe7 27. Nb3
Qc7 28. Nc5 Ba8 29. b3 Qa5 30. bxc4 dxc5 31. e5 f5 32. exf6 Bxf6 33. Ne4 Bd4
34. Be3 Re6 35. Ng5 Ree8 36. Ne4 Re6 37. Ng5 Ree8 38. Ne4 1/2-1/2

[Event "36. Copenhagen Open (Politiken Cup)"]
[Site "Elsinore"]
[Date "2014.07.26"]
[Round "7"]
[White "Petersen, Jan"]
[Black "Dahl, Steve"]
[Result "1/2-1/2"]
[WhiteElo "1638"]
[BlackElo "1802"]
[PlyCount "46"]
[EventDate "2014.07.21"]
[EventType "swiss"]
[EventRounds "10"]
[EventCountry "DEN"]
[Source "ChessBase"]
[SourceDate "2014.08.29"]

1. d4 Nf6 2. e3 g6 3. Bd3 Bg7 4. b3 O-O 5. Bb2 d5 6. c4 c6 7. Nd2 Nbd7 8. Ngf3
Re8 9. O-O b6 10. e4 dxe4 11. Nxe4 Nxe4 12. Bxe4 Bb7 13. Re1 Qc7 14. Qc2 Rac8
15. Rad1 e6 16. Qd2 Nf6 17. Bb1 Red8 18. Qg5 Nd7 19. Ba3 Bf6 20. Qh6 Bg7 21.
Qg5 Bf6 22. Qh6 Bg7 23. Qg5 Bf6 1/2-1/2

[Event "36. Copenhagen Open (Politiken Cup)"]
[Site "Elsinore"]
[Date "2014.07.26"]
[Round "7"]
[White "Petersen, Peter Birk"]
[Black "Thybo, Thomas Sondergaard"]
[Result "1-0"]
[WhiteElo "2126"]
[BlackElo "1525"]
[PlyCount "57"]
[EventDate "2014.07.21"]
[EventType "swiss"]
[EventRounds "10"]
[EventCountry "DEN"]
[Source "ChessBase"]
[SourceDate "2014.08.29"]

1. c4 g6 2. g3 Bg7 3. Bg2 Nc6 4. Nc3 e5 5. e4 d6 6. d3 Be6 7. Nge2 Nf6 8. O-O
a6 9. h3 Qd7 10. Nd5 O-O 11. Kh2 Ne7 12. Bg5 Bxd5 13. cxd5 h6 14. Be3 Ne8 15.
d4 f5 16. Qb3 Qb5 17. Qxb5 axb5 18. dxe5 dxe5 19. Bc5 Nd6 20. Nc3 Nec8 21. a3
c6 22. dxc6 bxc6 23. exf5 gxf5 24. Bxc6 Rb8 25. Rad1 Rf6 26. Nd5 Rg6 27. Nc7
Na7 28. Bxa7 Rc8 29. Bd5+ 1-0

[Event "36. Copenhagen Open (Politiken Cup)"]
[Site "Elsinore"]
[Date "2014.07.26"]
[Round "7"]
[White "Preuss, Flemming"]
[Black "Holmstrom, Johan Ravnborg"]
[Result "1/2-1/2"]
[WhiteElo "2015"]
[BlackElo "1834"]
[PlyCount "85"]
[EventDate "2014.07.21"]
[EventType "swiss"]
[EventRounds "10"]
[EventCountry "DEN"]
[Source "ChessBase"]
[SourceDate "2014.08.29"]

1. c4 Nf6 2. Nc3 d5 3. cxd5 Nxd5 4. g3 g6 5. Bg2 c6 6. Nf3 Bg7 7. O-O O-O 8. a3
Nxc3 9. bxc3 e5 10. Qc2 Re8 11. e4 c5 12. d3 Nc6 13. Bg5 Qc7 14. Be3 Na5 15. c4
b6 16. Ne1 Bb7 17. f4 exf4 18. Bxf4 Qd7 19. Ra2 Rad8 20. Kh1 Nc6 21. Qf2 Ne5
22. Bxe5 Bxe5 23. Nf3 Bg7 24. Ne1 Bc3 25. Nc2 Re7 26. Ne3 Bd4 27. Re2 Bxe3 28.
Rxe3 Qd4 29. Qf4 f5 30. e5 Bxg2+ 31. Kxg2 Qb2+ 32. Rf2 Qd4 33. h4 Qd7 34. h5
Qc6+ 35. Kh2 Rd4 36. Qg5 Qe6 37. Rf4 Red7 38. Ref3 Rxd3 39. Rxf5 Rxf3 40. Rxf3
Rf7 41. Rxf7 Qxf7 42. hxg6 hxg6 43. Kg2 1/2-1/2

[Event "36. Copenhagen Open (Politiken Cup)"]
[Site "Elsinore"]
[Date "2014.07.26"]
[Round "7"]
[White "Quiroga, Walter Gonzalo"]
[Black "Mozelius, Peter"]
[Result "1-0"]
[WhiteElo "1553"]
[BlackElo "1847"]
[PlyCount "85"]
[EventDate "2014.07.21"]
[EventType "swiss"]
[EventRounds "10"]
[EventCountry "DEN"]
[Source "ChessBase"]
[SourceDate "2014.08.29"]

1. d4 g6 2. c4 Bg7 3. Nc3 d6 4. e4 Nc6 5. Be3 e5 6. Nge2 exd4 7. Nxd4 Nf6 8.
Be2 Bd7 9. f3 a6 10. Qd2 h6 11. O-O-O Rb8 12. g4 b5 13. Nxc6 Bxc6 14. g5 hxg5
15. Bxg5 Qc8 16. Nd5 Nxd5 17. cxd5 Bd7 18. Kb1 b4 19. Rc1 Qb7 20. h4 a5 21. Qe3
Qb6 22. Qxb6 cxb6 23. Rc7 Bd4 24. Rd1 Bc5 25. Bf6 Rh7 26. f4 Rc8 27. Rb7 Ba4
28. Re7+ Kf8 29. b3 Be8 30. Rb7 Bf2 31. Be7+ Kg8 32. Rh1 Bc5 33. Bg4 Ra8 34. f5
gxf5 35. Bxf5 Rg7 36. h5 Bd4 37. h6 Rg2 38. h7+ Kh8 39. Bxd6 Rb2+ 40. Kc1 Rxa2
41. Rd1 Bc3 42. Rd3 Bb5 43. Rxc3 1-0

[Event "36. Copenhagen Open (Politiken Cup)"]
[Site "Elsinore"]
[Date "2014.07.26"]
[Round "7"]
[White "Ramirez, Alejandro"]
[Black "Hoi, Carsten"]
[Result "1-0"]
[WhiteElo "2580"]
[BlackElo "2401"]
[PlyCount "59"]
[EventDate "2014.07.21"]
[EventType "swiss"]
[EventRounds "10"]
[EventCountry "DEN"]
[Source "ChessBase"]
[SourceDate "2014.08.29"]

1. Nf3 d5 2. c4 d4 3. g3 Nc6 4. Bg2 a5 5. O-O g6 6. e3 dxe3 7. fxe3 Bg7 8. d4
Nf6 9. Nc3 Bf5 10. h3 O-O 11. g4 Bd7 12. e4 h5 13. e5 hxg4 14. exf6 exf6 15.
hxg4 Bxg4 16. Be3 Re8 17. Qd2 f5 18. Bg5 Qd7 19. Nd5 Re6 20. Ne5 Qd6 21. c5 Qf8
22. Nxc6 bxc6 23. Nf4 Ree8 24. Bxc6 Rad8 25. Bxd8 Rxd8 26. Nd5 Bh6 27. Qh2 Bg5
28. Rae1 Qg7 29. Qe5 Qh6 30. Nf6+ 1-0

[Event "36. Copenhagen Open (Politiken Cup)"]
[Site "Elsinore"]
[Date "2014.07.26"]
[Round "7"]
[White "Rasmussen, Henning1"]
[Black "Nilssen, Ellen Fredericia"]
[Result "1/2-1/2"]
[WhiteElo "1826"]
[BlackElo "1646"]
[PlyCount "38"]
[EventDate "2014.07.21"]
[EventType "swiss"]
[EventRounds "10"]
[EventCountry "DEN"]
[Source "ChessBase"]
[SourceDate "2014.08.29"]

1. d4 e6 2. c4 d5 3. Nf3 Be7 4. Bf4 Nf6 5. Nc3 c6 6. e3 Nbd7 7. Bd3 O-O 8. Qc2
Re8 9. h3 Nf8 10. O-O Ng6 11. Bh2 b6 12. e4 dxe4 13. Nxe4 Bb7 14. Rfd1 Nxe4 15.
Bxe4 Qc8 16. Ne5 Bd6 17. Nxg6 Bxh2+ 18. Kxh2 hxg6 19. Kg1 Qc7 1/2-1/2

[Event "36. Copenhagen Open (Politiken Cup)"]
[Site "Elsinore"]
[Date "2014.07.26"]
[Round "7"]
[White "Rasmussen, Lars"]
[Black "Hagesaether, Arne"]
[Result "0-1"]
[WhiteElo "1984"]
[BlackElo "2145"]
[PlyCount "80"]
[EventDate "2014.07.21"]
[EventType "swiss"]
[EventRounds "10"]
[EventCountry "DEN"]
[Source "ChessBase"]
[SourceDate "2014.08.29"]

1. e4 c5 2. Nf3 e6 3. d4 cxd4 4. Nxd4 a6 5. Nc3 Qc7 6. Be2 Nf6 7. O-O Bb4 8.
Qd3 Nc6 9. Nf3 b5 10. a3 Be7 11. Bg5 O-O 12. Rad1 Rd8 13. Rfe1 Bb7 14. Qd2 Rac8
15. Bd3 d6 16. Qe2 Ng4 17. Bxe7 Qxe7 18. h3 Nge5 19. Nxe5 dxe5 20. Qh5 g6 21.
Qh6 Qf6 22. Ne2 Qg7 23. Qe3 f5 24. c3 Qc7 25. Bb1 Rd6 26. f4 Rcd8 27. Rxd6 Qxd6
28. exf5 exf5 29. Ba2+ Kh8 30. fxe5 Nxe5 31. Nf4 Re8 32. Ne6 Nc4 33. Bxc4 bxc4
34. Qh6 Qe7 35. Re2 Be4 36. Ng5 Rd8 37. Nxe4 fxe4 38. Qe3 Rd1+ 39. Kh2 Qe5+ 40.
Qg3 Rh1+ 0-1

[Event "36. Copenhagen Open (Politiken Cup)"]
[Site "Elsinore"]
[Date "2014.07.26"]
[Round "7"]
[White "Rasmussen, Morten(1956)"]
[Black "Tandrup, Michael"]
[Result "1-0"]
[WhiteElo "1861"]
[BlackElo "2019"]
[PlyCount "121"]
[EventDate "2014.07.21"]
[EventType "swiss"]
[EventRounds "10"]
[EventCountry "DEN"]
[Source "ChessBase"]
[SourceDate "2014.08.29"]

1. d4 d5 2. c4 e6 3. Nf3 Nf6 4. g3 c5 5. cxd5 exd5 6. Bg2 Nc6 7. Nc3 c4 8. O-O
Be7 9. Bg5 O-O 10. Ne5 Be6 11. b3 cxb3 12. axb3 Rc8 13. Nxc6 Rxc6 14. Qd3 h6
15. Bxf6 Bxf6 16. e3 a6 17. Rfc1 Be7 18. Ne2 Rxc1+ 19. Rxc1 Bd6 20. Kf1 Qd7 21.
Bf3 Ba3 22. Ra1 Bd6 23. Rc1 Bf5 24. Qd2 Qb5 25. Qb2 g5 26. Kg1 Bb4 27. Nc3 Bxc3
28. Rxc3 Rc8 29. Rxc8+ Bxc8 30. Qc2 Be6 31. Qc3 a5 32. Qc2 Qb4 33. Kg2 b5 34.
Bd1 Qe1 35. Bf3 Qb4 36. Bd1 g4 37. f3 gxf3+ 38. Kxf3 Qe1 39. Be2 h5 40. Bxb5
Bg4+ 41. Kf4 Kg7 42. Qg2 Kf6 43. Bc6 Qc1 44. Bxd5 Qc7+ 45. Ke4 Qc3 46. Bc4 Kg6
47. Kd5 Bf5 48. Qf3 Qb4 49. Kc6 Qb8 50. Qd5 Qe8+ 51. Kb6 Qb8+ 52. Kxa5 Qc7+ 53.
Ka4 Bd7+ 54. Kb4 Qb6+ 55. Kc3 Qa7 56. Qxf7+ Kh6 57. Qf6+ Kh7 58. Kd3 Qc7 59.
Qe7+ Kh6 60. Qf8+ Kg5 61. Qf4+ 1-0

[Event "36. Copenhagen Open (Politiken Cup)"]
[Site "Elsinore"]
[Date "2014.07.26"]
[Round "7"]
[White "Rendlev, Niels Moller"]
[Black "Sorensen, Dick"]
[Result "0-1"]
[WhiteElo "1790"]
[BlackElo "1977"]
[PlyCount "44"]
[EventDate "2014.07.21"]
[EventType "swiss"]
[EventRounds "10"]
[EventCountry "DEN"]
[Source "ChessBase"]
[SourceDate "2014.08.29"]

1. g3 e5 2. d3 d5 3. Bg2 c6 4. Nf3 Bd6 5. O-O Nf6 6. Bg5 h6 7. Bxf6 Qxf6 8. e4
dxe4 9. dxe4 O-O 10. Nc3 Nd7 11. Qe2 Nc5 12. Rad1 b6 13. Qe3 Ba6 14. Rfe1 Rad8
15. Nh4 Bc8 16. Rd2 Ne6 17. Red1 Nd4 18. h3 Bc5 19. Qd3 g6 20. Kh1 Kg7 21. Na4
Be7 22. c3 Nb3 0-1